000 00355nam a2200133Ia 4500
008 220217s9999||||xx |||||||||||||| ||und||
020 _a0-11-515129-1
082 _a621.382 2 LAT
100 _aLathi, B.P
_91193
245 0 _aLinear systems and signals
260 _aOxford university press
_bNew York
_c2002
300 _b375
650 _aCIRCUITRY
999 _c171512
_d171512